| 000 | 00993pam a2200277 a 4500 | ||
|---|---|---|---|
| 001 | 3525028 | ||
| 003 | NUST - PNEC | ||
| 005 | 20170116180956.0 | ||
| 008 | 960524s1997 njua b 001 0 eng | ||
| 010 | _a 96025886 | ||
| 020 | _a0133817903 (case) | ||
| 040 | _cLIBRARY | ||
| 082 | 0 | 0 | _a621.395 KLE |
| 100 | 1 | _aKleitz, William. | |
| 245 | 1 | 0 |
_aDigital and microprocessor fundamentals _btheory and applications / _cWilliam Kleitz. |
| 250 | _a2nd ed. | ||
| 260 |
_aUpper Saddle River, N.J. : _bPrentice Hall, _cc1997. |
||
| 300 |
_axiii, 560 p. : _bill. ; _c29 cm. |
||
| 504 | _aIncludes bibliographical references (p. 443) and indexes. | ||
| 650 | 0 | _aDigital electronics. | |
| 650 | 0 |
_aLogic circuits. _xEL |
|
| 650 | 0 | _aMicroprocessors. | |
| 906 |
_a7 _bcbc _corignew _d1 _eocip _f19 _gy-gencatlg |
||
| 942 |
_2ddc _cBK |
||
| 999 |
_c66547 _d66547 |
||